|
|
|
|
| LEADER |
01813nam a2200445 i 4500 |
| 001 |
EBC1877078 |
| 003 |
MiAaPQ |
| 005 |
20200520144314.0 |
| 006 |
m o d | |
| 007 |
cr cnu|||||||| |
| 008 |
150106t19951979ne a ob 001 0 eng d |
| 020 |
|
|
|z 9780444851277
|
| 020 |
|
|
|a 9781483294575 (e-book)
|
| 035 |
|
|
|a (MiAaPQ)EBC1877078
|
| 035 |
|
|
|a (Au-PeEL)EBL1877078
|
| 035 |
|
|
|a (CaPaEBR)ebr10996345
|
| 035 |
|
|
|a (CaONFJC)MIL678504
|
| 035 |
|
|
|a (OCoLC)907100092
|
| 040 |
|
|
|a MiAaPQ
|b eng
|e rda
|e pn
|c MiAaPQ
|d MiAaPQ
|
| 050 |
|
4 |
|a HB99.3
|b .S45 1995
|
| 082 |
0 |
|
|a 302.3
|2 19
|
| 100 |
1 |
|
|a Sen, Amartya,
|d 1933-
|e author.
|
| 245 |
1 |
0 |
|a Collective choice and social welfare /
|c Amartya K. Sen.
|
| 264 |
|
1 |
|a Amsterdam, Netherlands :
|b Elsevier,
|c 1995.
|
| 264 |
|
4 |
|c 1979
|
| 300 |
|
|
|a 1 online resource (238 pages) :
|b illustrations.
|
| 336 |
|
|
|a text
|2 rdacontent
|
| 337 |
|
|
|a computer
|2 rdamedia
|
| 338 |
|
|
|a online resource
|2 rdacarrier
|
| 490 |
1 |
|
|a Advanced Textbooks in Economics ;
|v Volume 11
|
| 504 |
|
|
|a Includes bibliographical references and indexes.
|
| 588 |
|
|
|a Description based on print version record.
|
| 590 |
|
|
|a Electronic reproduction. Ann Arbor, MI : ProQuest, 2015. Available via World Wide Web. Access may be limited to ProQuest affiliated libraries.
|
| 650 |
|
0 |
|a Welfare economics.
|
| 650 |
|
0 |
|a Social choice.
|
| 655 |
|
4 |
|a Electronic books.
|
| 776 |
0 |
8 |
|i Print version:
|a Sen, Amartya, 1933-
|t Collective choice and social welfare.
|d Amsterdam, Netherlands : Elsevier, 1995, c1979
|h xi, 225 pages
|k Advanced textbooks in economics ; Volume 11.
|z 9780444851277
|w 83027163
|
| 797 |
2 |
|
|a ProQuest (Firm)
|
| 830 |
|
0 |
|a Advanced textbooks in economics ;
|v Volume 11.
|
| 856 |
4 |
0 |
|u https://ebookcentral.proquest.com/lib/matrademy/detail.action?docID=1877078
|z Click to View
|